Harry Potter y el prisionero de Azkabán
Sparad:
| Huvudupphovsman: | |
|---|---|
| Materialtyp: | Bok |
| Språk: | spanska |
| Publicerad: |
Barcelona
Salamandra
2001
|
| Upplaga: | 9a. ed |
| Serie: | Harry Potter, 3
|
| Ämnen: | |
| Taggar: |
Lägg till en tagg
Inga taggar, Lägg till första taggen!
|
MARC
| LEADER | 00000nam a2200000 a 4500 | ||
|---|---|---|---|
| 001 | UCM6718 | ||
| 003 | CL-VaPUC | ||
| 008 | 021122e20011200SP |||||||||||||||||spa|d | ||
| 082 | 0 | 4 | |a 823 |b ROW |2 21 |
| 100 | 0 | |a Rowling, Joanne K |e author |9 472516 | |
| 245 | 1 | 0 | |a Harry Potter y el prisionero de Azkabán |
| 250 | |a 9a. ed | ||
| 300 | |a 359 p | ||
| 942 | |c BK | ||
| 945 | |d 20021122 00:00:00 |a vberengu | ||
| 260 | |a Barcelona |b Salamandra |c 2001 | ||
| 650 | 0 | |a Novelas inglesas |9 265220 | |
| 650 | 0 | |a Literatura juvenil |9 309909 | |
| 583 | |a last modification |c 20131126 08:57:18 |k Rodrigo Vera | ||
| 490 | 0 | |a Harry Potter, 3 | |
| 999 | |c 301950 |d 301948 | ||